000
00232nam a2200085Ia 4500
245
0
_a
Akwaziwa mamezala [Zulu]
100
_a
Ngcobo, M.P. [South Africa], 2007
_9
77202
942
_c
BK
008
210817s9999 xx 000 0 und d
999
_c
263025
_d
263024